[Event "FRA-ch U08 Girls"]
[Site "Hyeres"]
[Date "2002.??.??"]
[Round "7.3"]
[White "Calcabrini, Giulia"]
[Black "Aflalo, Sophie"]
[Result "0-1"]
[WhiteElo "1009"]
[BlackElo "1009"]
[PlyCount "62"]
[EventDate "2002.04.05"]
[EventType "swiss"]
[EventRounds "9"]
[EventCountry "FRA"]
[SourceTitle "EXT 2003"]
[Source "ChessBase"]
[SourceDate "2002.11.25"]
[SourceVersion "1"]
[SourceVersionDate "2002.11.25"]
[SourceQuality "1"]

1. e4 c5 2. Nf3 Nc6 3. Bb5 e6 4. 0-0 a6 5. Ba4 b5 6. Bb3 c4 7. Nc3 cxb3 8. axb3 Bb7 9. d3 d6 10. Bg5 f6 11. Bh4 Be7 12. h3 Nh6 13. d4 Nb4 14. d5 exd5 15. exd5 0-0 16. Re1 Nf5 17. Bg3 Nxg3 18. fxg3 Qc7 19. Re4 a5 20. Nxb5 Qb6+ 21. Nfd4 Nxd5 22. c4 Nc3 23. bxc3 Bxe4 24. Qg4 f5 25. Qh5 Bf6 26. g4 Bxd4+ 27. cxd4 Bc6 28. Nxd6 Qxd4+ 29. Kf1 Qxa1+ 30. Kf2 Qd4+ 31. Kf1 Qxd6 0-1

[Event "FRA-ch U08 Girls"]
[Site "Hyeres"]
[Date "2002.??.??"]
[Round "1.4"]
[White "Calcabrini, Giulia"]
[Black "Neuhauser, Salome"]
[Result "1-0"]
[WhiteElo "1009"]
[BlackElo "1130"]
[PlyCount "55"]
[EventDate "2002.04.05"]
[EventType "swiss"]
[EventRounds "9"]
[EventCountry "FRA"]
[SourceTitle "EXT 2003"]
[Source "ChessBase"]
[SourceDate "2002.11.25"]
[SourceVersion "1"]
[SourceVersionDate "2002.11.25"]
[SourceQuality "1"]

1. e4 e5 2. Nf3 Nc6 3. Nc3 Nf6 4. Bb5 a6 5. Ba4 Bc5 6. 0-0 0-0 7. d3 d6 8. Bg5 h6 9. Bh4 Bg4 10. Nd5 g5 11. Bg3 Nd4 12. h3 Nxf3+ 13. gxf3 Bxh3 14. Re1 Nh5 15. Kh2 Qc8 16. Ne7+ Kh7 17. Nxc8 Raxc8 18. Kxh3 f5 19. exf5 Rxf5 20. Bd7 Rff8 21. Bxc8 Rxc8 22. Qe2 Bd4 23. Rab1 Re8 24. Qe4+ Kh8 25. Qg6 Rf8 26. c3 Bxf2 27. Rxe5 Rg8 28. Qxh6# 1-0